[Event "Polofinále MÈR juniorù 2013"]
[Site "Havlíèkùv Brod - hotel Slunce"]
[Date "2013.11.19"]
[Round "4.1"]
[White "Petr, Jan"]
[Black "Šlampa, Jan"]
[Result "1-0"]
[WhiteElo "2112"]
[BlackElo "2097"]
[PlyCount "75"]
[EventDate "2013.11.17"]

1. e4 c5 2. Nf3 d6 3. Bb5+ Nc6 4. Bxc6+ bxc6 5. O-O g6 6. Re1 Bg7 7. e5 d5 8.
h3 e6 9. d3 Bh6 10. b3 Bxc1 11. Qxc1 h5 12. Nc3 Rb8 13. Na4 Qe7 14. Qe3 Nh6 15.
Qxc5 Qxc5 16. Nxc5 Nf5 17. c4 Bd7 18. Rac1 Ke7 19. Kh2 Rhg8 20. g4 Nh6 21. Kg3
Rg7 22. Rc2 Rgg8 23. Rec1 hxg4 24. hxg4 Rbc8 25. Rh1 Rh8 26. Kf4 Rcf8 27. Nxd7
Kxd7 28. cxd5 cxd5 29. Rhc1 Rc8 30. Rxc8 Rxc8 31. Rxc8 Kxc8 32. Kg5 Ng8 33. Nd4
Kd7 34. f4 a6 35. b4 Ne7 36. Kf6 Ng8+ 37. Kg7 Ne7 38. Kxf7 1-0

[Event "Polofinále MÈR juniorù 2013"]
[Site "Havlíèkùv Brod - hotel Slunce"]
[Date "2013.11.19"]
[Round "4.3"]
[White "Macháò, Jan"]
[Black "Pùlpán, Jakub"]
[Result "1-0"]
[WhiteElo "2144"]
[BlackElo "2089"]
[PlyCount "71"]
[EventDate "2013.11.17"]

1. Nf3 f5 2. c4 Nf6 3. Nc3 g6 4. g3 Bg7 5. Bg2 O-O 6. d4 d6 7. O-O Qe8 8. d5
Na6 9. Nd4 Bd7 10. e4 c6 11. exf5 gxf5 12. Re1 Nc7 13. Bf4 c5 14. Nb3 Qd8 15.
a4 Ng4 16. Qe2 Ne5 17. Nxc5 Ng6 18. Nxd7 Qxd7 19. Bd2 a5 20. f4 Kh8 21. b3 Na6
22. Rab1 b6 23. Nb5 Nc7 24. Nxc7 Qxc7 25. Be3 Rab8 26. Bf3 Qd7 27. Bh5 Rb7 28.
Kg2 Qe8 29. Bxg6 hxg6 30. Qf2 Qd8 31. Bd4 Qc7 32. Re6 Bxd4 33. Qxd4+ Kh7 34.
Rbe1 Rf7 35. h4 Qc5 36. Qd1 1-0

[Event "Polofinále MÈR juniorù 2013"]
[Site "Havlíèkùv Brod - hotel Slunce"]
[Date "2013.11.19"]
[Round "4.4"]
[White "Stachoò, Martin"]
[Black "Marek, Matyáš"]
[Result "0-1"]
[WhiteElo "2113"]
[BlackElo "2017"]
[PlyCount "55"]
[EventDate "2013.11.17"]

1. e4 c5 2. Nf3 d6 3. c3 Nf6 4. Bd3 Nc6 5. O-O e5 6. Bc2 Bg4 7. d3 Be7 8. Nbd2
O-O 9. h3 Bh5 10. Re1 d5 11. Qe2 Re8 12. Nf1 d4 13. g4 Bg6 14. Ng3 b5 15. Nh4
Rc8 16. Nhf5 Bf8 17. h4 c4 18. g5 Nd7 19. h5 Bxf5 20. Nxf5 Nc5 21. Kh1 g6 22.
Qg4 cxd3 23. b4 Nxe4 24. Rxe4 gxf5 25. Qxf5 Ne7 26. Qxe5 dxc2 27. Qxb5 h6 28.
Rh4 0-1

[Event "Polofinále MÈR juniorù 2013"]
[Site "Havlíèkùv Brod - hotel Slunce"]
[Date "2013.11.19"]
[Round "4.5"]
[White "Kraus, Tomáš"]
[Black "Kratochvíl, Vít"]
[Result "1-0"]
[WhiteElo "2346"]
[BlackElo "2040"]
[PlyCount "75"]
[EventDate "2013.11.17"]

1. d4 Nf6 2. Nf3 g6 3. c4 Bg7 4. Nc3 O-O 5. Bg5 d6 6. e3 Na6 7. Be2 c5 8. O-O
Bd7 9. h3 Rb8 10. Re1 Re8 11. Bf1 Qa5 12. a3 Bc6 13. d5 Bd7 14. e4 h6 15. Bd2
Qd8 16. Qc1 Kh7 17. e5 dxe5 18. Nxe5 Rf8 19. Bd3 Nc7 20. Qc2 Kg8 21. Bf4 a6 22.
Rad1 Nfe8 23. Ne4 b6 24. Be2 Nd6 25. Nxd6 exd6 26. Nc6 Bxc6 27. dxc6 Ne8 28.
Bf3 Qf6 29. Qd2 Rd8 30. Bxh6 Bxh6 31. Qxh6 Qxb2 32. Rb1 Qc3 33. Bd5 Qf6 34.
Rxb6 Nc7 35. Rb7 Nxd5 36. cxd5 Rfe8 37. Qd2 c4 38. c7 1-0

[Event "Polofinále MÈR juniorù 2013"]
[Site "Havlíèkùv Brod - hotel Slunce"]
[Date "2013.11.19"]
[Round "4.6"]
[White "Chmel, Kristián"]
[Black "Rabatin, Jakub"]
[Result "1/2-1/2"]
[WhiteElo "2002"]
[BlackElo "2243"]
[PlyCount "66"]
[EventDate "2013.11.17"]

1. d4 Nf6 2. c4 g6 3. Nc3 Bg7 4. e4 d6 5. Nf3 O-O 6. Be2 e5 7. O-O Nc6 8. d5
Ne7 9. Ne1 Nd7 10. Nd3 f5 11. Bd2 Nf6 12. f3 f4 13. c5 g5 14. cxd6 cxd6 15. Nf2
Ng6 16. Qc2 Rf7 17. Rfc1 a6 18. a4 h5 19. h3 Bf8 20. a5 g4 21. fxg4 hxg4 22.
hxg4 Bd7 23. Na4 Bb5 24. Bxb5 axb5 25. Nb6 Rb8 26. Ra3 Rg7 27. Rh3 Nh8 28. Qd1
Nf7 29. Qe2 Qe8 30. Rcc3 Ng5 31. Rh6 Rg6 32. Rh4 Rg7 33. Rh6 Rg6 1/2-1/2

[Event "Polofinále MÈR juniorù 2013"]
[Site "Havlíèkùv Brod - hotel Slunce"]
[Date "2013.11.19"]
[Round "4.7"]
[White "Ptáèek, Tomáš"]
[Black "Szotkowski, Jakub"]
[Result "0-1"]
[WhiteElo "2024"]
[BlackElo "2183"]
[PlyCount "50"]
[EventDate "2013.11.17"]

1. d4 Nf6 2. Nf3 c5 3. c3 e6 4. Bg5 b6 5. Nbd2 Bb7 6. e3 Be7 7. Bd3 d5 8. O-O
O-O 9. Qe2 Ne4 10. Bxe7 Qxe7 11. Bxe4 dxe4 12. Ne5 f6 13. Nec4 Nd7 14. Qg4 Bd5
15. Na3 f5 16. Qe2 Rac8 17. Nac4 cxd4 18. exd4 f4 19. Ne5 Nxe5 20. dxe5 f3 21.
Qe3 Qh4 22. gxf3 exf3 23. Kh1 Rf5 24. Rg1 Rh5 25. Ne4 Rc6 0-1

[Event "Polofinále MÈR juniorù 2013"]
[Site "Havlíèkùv Brod - hotel Slunce"]
[Date "2013.11.19"]
[Round "4.8"]
[White "Haman, Jakub"]
[Black "Alfimov, Igor"]
[Result "1-0"]
[WhiteElo "2182"]
[BlackElo "2008"]
[PlyCount "76"]
[EventDate "2013.11.17"]

1. e4 e5 2. Nf3 Nc6 3. Bb5 a6 4. Ba4 d6 5. O-O Bd7 6. c3 g6 7. d4 Bg7 8. Bg5
Nge7 9. d5 Nb8 10. Bxd7+ Nxd7 11. c4 h6 12. Be3 f5 13. Nc3 O-O 14. Ne1 f4 15.
Bd2 Nf6 16. f3 g5 17. Nd3 Rf7 18. a4 Bf8 19. Qb3 Rb8 20. a5 g4 21. Kf2 g3+ 22.
hxg3 fxg3+ 23. Ke2 Nh5 24. Ra4 Ng6 25. Rb4 Qc8 26. Rh1 Ngf4+ 27. Bxf4 Nxf4+ 28.
Nxf4 exf4 29. Kd3 Bg7 30. Ne2 c6 31. dxc6 Qxc6 32. Rb5 Be5 33. Nd4 Qc5 34. Nf5
Kf8 35. Rb6 Qf2 36. Qb4 Qf1+ 37. Kc2 Qxg2+ 38. Kb1 Qxf3 1-0

[Event "Polofinále MÈR juniorù 2013"]
[Site "Havlíèkùv Brod - hotel Slunce"]
[Date "2013.11.19"]
[Round "4.9"]
[White "Horák, Aleš"]
[Black "Nguyen, Thai Dai Van"]
[Result "0-1"]
[WhiteElo "1988"]
[BlackElo "2176"]
[PlyCount "85"]
[EventDate "2013.11.17"]

1. e4 e5 2. Nf3 Nf6 3. Nxe5 d6 4. Nf3 Nxe4 5. Nc3 Nxc3 6. dxc3 Be7 7. Be3 O-O
8. Bd3 Nc6 9. h3 Ne5 10. Nxe5 dxe5 11. Qe2 c6 12. O-O-O Qa5 13. Bc4 b5 14. Bb3
Qc7 15. c4 Be6 16. cxb5 Bxb3 17. cxb3 cxb5+ 18. Kb1 a6 19. f3 Rac8 20. Rd5 Rfd8
21. Rxd8+ Rxd8 22. Rd1 h6 23. Rxd8+ Qxd8 24. a4 Qd7 25. Qd2 Qxd2 26. Bxd2 f5
27. Kc2 Kf7 28. g4 Ke6 29. Kd3 Bg5 30. Bxg5 hxg5 31. gxf5+ Kxf5 32. Ke3 b4 33.
a5 g6 34. Ke2 Kf4 35. Kf2 e4 36. fxe4 Kxe4 37. Kg3 Kd3 38. Kg4 Kc2 39. Kxg5
Kxb2 40. Kxg6 Kxb3 41. h4 Ka4 42. h5 b3 43. h6 0-1

[Event "Polofinále MÈR juniorù 2013"]
[Site "Havlíèkùv Brod - hotel Slunce"]
[Date "2013.11.19"]
[Round "4.10"]
[White "Chromík, Tomáš"]
[Black "Rubeš, Jan"]
[Result "0-1"]
[WhiteElo "1940"]
[BlackElo "2142"]
[PlyCount "90"]
[EventDate "2013.11.17"]

1. d4 Nf6 2. c4 e6 3. g3 d5 4. Nf3 Be7 5. Bg2 O-O 6. O-O dxc4 7. Ne5 c5 8. dxc5
Bxc5 9. Qxd8 Rxd8 10. Nxc4 Nc6 11. Nc3 Bd7 12. Bg5 Be7 13. Rfd1 Be8 14. Nb5 Nd5
15. Bxe7 Ncxe7 16. Nbd6 Bc6 17. e4 Nb6 18. Na5 Rd7 19. Nxc6 Nxc6 20. e5 Nxe5
21. Nxb7 Rc8 22. Rxd7 Nexd7 23. Be4 Nf6 24. Bd3 Kf8 25. Rd1 Ke7 26. Na5 Nfd5
27. a3 h5 28. Kf1 g5 29. Ke2 Rc7 30. Kd2 Na4 31. Nc4 Nc5 32. Kc2 Nf6 33. f3 Nd5
34. Re1 h4 35. b3 Rb7 36. Be4 Nxe4 37. Rxe4 f5 38. Re2 Kf6 39. Re1 Rh7 40. g4
h3 41. Re5 Rh4 42. Kd2 fxg4 43. Re4 g3 44. Re1 g2 45. Ke2 g4 0-1

[Event "Polofinále MÈR juniorù 2013"]
[Site "Havlíèkùv Brod - hotel Slunce"]
[Date "2013.11.19"]
[Round "4.12"]
[White "Hájek, Oskar"]
[Black "Dobeš, Vojtìch"]
[Result "0-1"]
[WhiteElo "1920"]
[BlackElo "2116"]
[PlyCount "134"]
[EventDate "2013.11.17"]

1. e4 c5 2. Nf3 Nc6 3. Bb5 g6 4. Bxc6 bxc6 5. d3 Bg7 6. c4 d6 7. Nc3 e5 8. O-O
Nh6 9. h3 O-O 10. Nh2 f5 11. f4 exf4 12. Bxf4 Nf7 13. exf5 Bxf5 14. Qd2 Ne5 15.
g4 Bxd3 16. Bxe5 dxe5 17. Rxf8+ Bxf8 18. Re1 Qd4+ 19. Qf2 Bg7 20. Nf3 Qxf2+ 21.
Kxf2 Re8 22. Ne4 Rf8 23. b3 Rf4 24. Neg5 e4 25. Ke3 exf3 26. Kxd3 Rd4+ 27. Kc2
f2 28. Rf1 Rf4 29. Ne6 Rf3 30. Ng5 Rc3+ 31. Kd2 Rg3 32. Ne4 Rxh3 33. Rxf2 Bd4
34. Rg2 Kg7 35. Nd6 Be5 36. Nc8 Bf4+ 37. Ke2 a6 38. Ne7 Kf6 39. Nxc6 Rh2 40.
Rxh2 Bxh2 41. b4 cxb4 42. Nxb4 Kg5 43. Nd5 Kxg4 44. Nf6+ Kf5 45. Nxh7 Bd6 46.
Kd3 Bg3 47. Kc3 g5 48. Nxg5 Kxg5 49. Kb3 Kf5 50. Ka4 Bb8 51. Kb4 Ke5 52. Ka4
Kd6 53. Kb4 Kc6 54. Ka4 Kc5 55. a3 Bc7 56. Kb3 Kb6 57. Kb4 Bd6+ 58. Ka4 Bc5 59.
Kb3 Ka5 60. a4 Bb4 61. Kb2 Kxa4 62. Ka2 Bc5 63. Ka1 Kb3 64. Kb1 a5 65. Ka1 a4
66. Kb1 a3 67. Ka1 Bd4+ 0-1

[Event "Polofinále MÈR juniorù 2013"]
[Site "Havlíèkùv Brod - hotel Slunce"]
[Date "2013.11.19"]
[Round "4.13"]
[White "Walek, Petr"]
[Black "Kalužný, Matyáš"]
[Result "0-1"]
[WhiteElo "2099"]
[BlackElo "1985"]
[PlyCount "66"]
[EventDate "2013.11.17"]

1. e4 c5 2. Nf3 Nc6 3. d4 cxd4 4. Nxd4 g6 5. Nc3 Bg7 6. Be3 Nf6 7. Bc4 O-O 8.
Bb3 a5 9. O-O a4 10. Nxa4 Nxe4 11. Nxc6 bxc6 12. Bb6 Qe8 13. f3 Nf6 14. c4 d6
15. Bf2 Be6 16. Re1 Nd7 17. Qe2 c5 18. Nc3 Ne5 19. Nb5 Qc6 20. Bh4 Rfb8 21. a4
d5 22. cxd5 Bxd5 23. Bxd5 Qxd5 24. Nc7 Qb7 25. Nxa8 Qxa8 26. Kh1 Rb3 27. Ra3
Rxa3 28. bxa3 c4 29. Bxe7 Nd3 30. Rb1 Qa7 31. g3 Be5 32. Bb4 Qxa4 33. Kg2 Qb5 (
33... Qc6 34. Rd1 Bd6 35. Bxd6 Qxd6 36. a4 Qa6 37. Qe8+ Kg7 38. Qb5 Qe6 39. Rd2
Qe3 40. Ra2 c3 41. Qc4 Ne1+ 42. Kh3 Nxf3 43. Rc2 Ng5+ 44. Kh4 Ne4 45. Kh3 h5
46. Re2 Ng5+ 47. Kh4 Nf3+ 48. Kh3 Qxe2 49. Qxc3+ Ne5 50. a5 Kh7 51. a6 Qf1+ 52.
Kh4 Nf3+) 0-1

[Event "Polofinále MÈR juniorù 2013"]
[Site "Havlíèkùv Brod - hotel Slunce"]
[Date "2013.11.19"]
[Round "4.14"]
[White "Stanèík, Jakub"]
[Black "Hrdina, Robin"]
[Result "0-1"]
[WhiteElo "1849"]
[BlackElo "2080"]
[PlyCount "78"]
[EventDate "2013.11.17"]

1. e4 c5 2. Nf3 e6 3. d4 cxd4 4. Nxd4 a6 5. Bd3 Nf6 6. Qe2 Qc7 7. Nc3 Be7 8. e5
Bb4 9. O-O Ng8 10. Qg4 Ne7 11. Bg5 Nbc6 12. Nxc6 Nxc6 13. Rfe1 Bxc3 14. bxc3
Nxe5 15. Qg3 d6 16. Bf4 f6 17. Bxh7 g5 18. Bxe5 dxe5 19. Bg6+ Ke7 20. Rab1 Bd7
21. Rb4 b5 22. h4 Rh6 23. hxg5 Rxg6 24. gxf6+ Kf7 25. Qh3 Rag8 26. Qh7+ Kxf6
27. Re3 R8g7 28. Rf3+ Ke7 29. Qh8 Qc8 30. Qh4+ Ke8 31. Qh8+ Ke7 32. Qh4+ Ke8
33. Qh8+ Rg8 34. Qh5 Ke7 35. Qh4+ Kd6 36. Rd3+ Kc7 37. c4 Rxg2+ 38. Kf1 Qf8 39.
Rc3 Qxb4 0-1

[Event "Polofinále MÈR juniorù 2013"]
[Site "Havlíèkùv Brod - hotel Slunce"]
[Date "2013.11.19"]
[Round "4.15"]
[White "Toman, Ondøej"]
[Black "Wagner, Vojtìch"]
[Result "1-0"]
[WhiteElo "2080"]
[BlackElo "1887"]
[PlyCount "65"]
[EventDate "2013.11.17"]

1. e4 c5 2. Nf3 Nc6 3. Bb5 d6 4. Bxc6+ bxc6 5. O-O d5 6. Nc3 Bg4 7. h3 Bh5 8.
b3 e6 9. d3 Nf6 10. Re1 Be7 11. Ba3 O-O 12. Na4 Nd7 13. c4 Rc8 14. Qe2 Re8 15.
Qe3 d4 16. Qf4 Bxf3 17. Qxf3 Qa5 18. Qe2 Nb6 19. Nxb6 axb6 20. Bc1 Ra8 21. Bd2
Qa7 22. a4 Qb7 23. f4 Reb8 24. f5 Qd7 25. Qg4 exf5 26. exf5 Kh8 27. Bf4 Bd6 28.
Be5 Bxe5 29. Rxe5 Re8 30. Rae1 Rxe5 31. Rxe5 Re8 32. f6 gxf6 33. Qxd7 1-0

[Event "Polofinále MÈR juniorù 2013"]
[Site "Havlíèkùv Brod - hotel Slunce"]
[Date "2013.11.19"]
[Round "4.16"]
[White "Kožúšek, Daniel"]
[Black "Melichar, Vojtìch"]
[Result "1/2-1/2"]
[WhiteElo "2085"]
[BlackElo "1939"]
[PlyCount "91"]
[EventDate "2013.11.17"]

1. e4 c5 2. Nf3 Nc6 3. Nc3 g6 4. d4 cxd4 5. Nxd4 Bg7 6. Be3 Nf6 7. Bc4 O-O 8.
Nxc6 dxc6 9. f3 e5 10. Bc5 Qxd1+ 11. Rxd1 Re8 12. O-O Be6 13. Bxe6 Rxe6 14. Rd3
Bf8 15. Bxf8 Kxf8 16. Rfd1 Ree8 17. g4 h6 18. h4 g5 19. h5 Ke7 20. Ne2 Red8 21.
Ng3 Rxd3 22. Nf5+ Ke8 23. Rxd3 Ng8 24. Nd6+ Ke7 25. Nxb7 Rb8 26. Rb3 Nf6 27.
Na5 Rxb3 28. Nxb3 Kd6 29. c4 Nd7 30. Kf1 Nc5 31. Nc1 Ne6 32. Nd3 a5 33. Kf2 f6
34. b3 Kc7 35. Ke3 Kb6 36. a3 Nd4 37. b4 Nc2+ 38. Ke2 Nxa3 39. bxa5+ Kxa5 40.
Nc5 Nxc4 41. Nd7 Nd6 42. Nxf6 Kb4 43. Ng8 Nf7 44. Kd2 Kb3 45. Ne7 c5 46. Nc6
1/2-1/2

[Event "Polofinále MÈR juniorù 2013"]
[Site "Havlíèkùv Brod - hotel Slunce"]
[Date "2013.11.19"]
[Round "4.17"]
[White "Skoøepa, Tomáš"]
[Black "Èáp, Adam"]
[Result "0-1"]
[WhiteElo "1766"]
[BlackElo "2075"]
[PlyCount "48"]
[EventDate "2013.11.17"]

1. e4 e5 2. Nf3 Nc6 3. Bc4 Nf6 4. Ng5 d5 5. exd5 Na5 6. Bb5+ c6 7. dxc6 bxc6 8.
Be2 h6 9. Nf3 e4 10. Ne5 Bd6 11. Ng4 O-O 12. Nc3 Nxg4 13. Bxg4 f5 14. Be2 Qh4
15. d3 Ba6 16. dxe4 Bxe2 17. Qxe2 fxe4 18. Be3 Rab8 19. Qa6 Rxb2 20. Qxa5 Bb4
21. Qe5 Rxc2 22. Bd4 Bxc3+ 23. Bxc3 Qxf2+ 24. Kd1 Qe2# 0-1

[Event "Polofinále MÈR juniorù 2013"]
[Site "Havlíèkùv Brod - hotel Slunce"]
[Date "2013.11.19"]
[Round "4.18"]
[White "Kozel, Jiøí"]
[Black "Kamarád, František"]
[Result "1-0"]
[WhiteElo "2014"]
[BlackElo "1713"]
[PlyCount "47"]
[EventDate "2013.11.17"]

1. e4 d5 2. exd5 Qxd5 3. Nc3 Qa5 4. d4 c6 5. Bc4 Nf6 6. Bd2 Qc7 7. h3 Bf5 8.
Nf3 e6 9. Qe2 Bxc2 10. Rc1 Bg6 11. d5 cxd5 12. Nxd5 Nxd5 13. Bxd5 Nc6 14. Ne5
Be7 15. Rxc6 Qd8 16. Rxe6 fxe6 17. Bxb7 Bf7 18. Nc6 Qb6 19. Bxa8 Qxb2 20. Nxe7
Qa1+ 21. Qd1 Qe5+ 22. Be3 Kxe7 23. Bf3 Rd8 24. Qc2 1-0

[Event "Polofinále MÈR juniorù 2013"]
[Site "Havlíèkùv Brod - hotel Slunce"]
[Date "2013.11.19"]
[Round "4.19"]
[White "Seidl, Štìpán"]
[Black "Navrátil, Marek"]
[Result "1-0"]
[WhiteElo "2212"]
[BlackElo "1843"]
[PlyCount "53"]
[EventDate "2013.11.17"]

1. e4 e5 2. Nf3 Nc6 3. d4 exd4 4. Nxd4 Nf6 5. Nc3 Bb4 6. Nxc6 bxc6 7. Bd3 O-O
8. O-O Re8 9. Bg5 d5 10. exd5 Bxc3 11. bxc3 cxd5 12. Qf3 c6 13. Qg3 Re6 14.
Rae1 Qd6 15. Qxd6 Rxd6 16. Bxf6 gxf6 17. Re8+ Kg7 18. Rfe1 c5 19. R1e3 Bb7 20.
Rg3+ Kh6 21. Re7 Rb6 22. f4 Rf8 23. Rh3+ Kg7 24. Rxh7+ Kg8 25. Re3 Rc8 26. Bf5
Rc7 27. Re8# 1-0

[Event "Polofinále MÈR juniorù 2013"]
[Site "Havlíèkùv Brod - hotel Slunce"]
[Date "2013.11.19"]
[Round "4.20"]
[White "Braun, Marek"]
[Black "Babièka, Michal"]
[Result "1/2-1/2"]
[WhiteElo "2229"]
[BlackElo "1752"]
[PlyCount "57"]
[EventDate "2013.11.17"]

1. c4 c5 2. Nc3 b6 3. Nf3 Bb7 4. e3 g6 5. Be2 Bg7 6. O-O Nf6 7. d4 cxd4 8. exd4
d5 9. cxd5 Nxd5 10. Bb5+ Nc6 11. Qb3 Nxc3 12. bxc3 O-O 13. Be2 Rc8 14. Rd1 e6
15. Bf4 Na5 16. Qa3 Qd5 17. Rac1 a6 18. Qb2 b5 19. Bd3 Nc4 20. Qe2 Rfd8 21. Ne1
Nd6 22. f3 Nc4 23. Nc2 Qh5 24. Na1 Bd5 25. Nb3 Rc6 26. Be4 Bxe4 27. Qxe4 Qd5
28. Qxd5 Rxd5 29. Kf2 1/2-1/2

[Event "Polofinále MÈR juniorù 2013"]
[Site "Havlíèkùv Brod - hotel Slunce"]
[Date "2013.11.19"]
[Round "4.21"]
[White "Stuchlý, Ondøej"]
[Black "Øíha, Jaroslav"]
[Result "0-1"]
[WhiteElo "1803"]
[BlackElo "2028"]
[PlyCount "42"]
[EventDate "2013.11.17"]

1. e4 d6 2. d4 Nf6 3. Nc3 g6 4. f4 Bg7 5. Nf3 c5 6. d5 O-O 7. Be2 Na6 8. O-O
Nc7 9. h3 b5 10. Nxb5 Nxe4 11. Nxc7 Qxc7 12. Bd3 Nf6 13. c4 Rb8 14. Qc2 Qb6 15.
f5 Nxd5 16. Nh4 Nb4 17. Qe2 d5 18. Bb1 Ba6 19. fxg6 fxg6 20. Rxf8+ Rxf8 21. a3
Bxc4 0-1

[Event "Polofinále MÈR juniorù 2013"]
[Site "Havlíèkùv Brod - hotel Slunce"]
[Date "2013.11.19"]
[Round "4.22"]
[White "Strnad, Jakub"]
[Black "Hánl, František"]
[Result "1/2-1/2"]
[WhiteElo "1772"]
[BlackElo "1969"]
[PlyCount "77"]
[EventDate "2013.11.17"]

1. e4 e6 2. d4 d5 3. Nc3 Bb4 4. e5 c5 5. a3 Bxc3+ 6. bxc3 Qc7 7. Nf3 Bd7 8. a4
Ne7 9. Be2 Nbc6 10. Ba3 Qa5 11. O-O b6 12. Qd3 c4 13. Qd2 Ng6 14. Rfb1 Qa6 15.
h4 h5 16. Bd6 Nce7 17. Qg5 Nf5 18. Bb4 Bxa4 19. Ne1 Rh6 20. Bxh5 Nfxh4 21. g3
Nf5 22. Ng2 b5 23. g4 Nfe7 24. Bxe7 Nxe7 25. Qxg7 Rg6 26. Bxg6 Nxg6 27. Qg8+
Nf8 28. Ne3 Qa5 29. Rb4 Qd8 30. g5 Qe7 31. Qg7 Ng6 32. Qf6 Qxf6 33. gxf6 Nf4
34. Kf1 Kd7 35. Ke1 Rh8 36. Kd2 a5 37. Rbb1 Nh3 38. Ra2 Ng5 39. Ke2 1/2-1/2

[Event "Polofinále MÈR juniorù 2013"]
[Site "Havlíèkùv Brod - hotel Slunce"]
[Date "2013.11.19"]
[Round "4.23"]
[White "Nosek, Jan"]
[Black "Liška, Jiøí"]
[Result "1/2-1/2"]
[WhiteElo "1717"]
[BlackElo "1865"]
[PlyCount "33"]
[EventDate "2013.11.17"]

1. d4 Nf6 2. c4 g6 3. Nc3 d5 4. cxd5 Nxd5 5. e4 Nxc3 6. bxc3 Bg7 7. Nf3 c5 8.
Bb5+ Nc6 9. O-O O-O 10. Bxc6 bxc6 11. Ba3 cxd4 12. cxd4 Bg4 13. Bc5 Qa5 14. Qd2
Qa6 15. Rab1 Rfe8 16. Rb4 Rad8 17. Qc2 1/2-1/2

[Event "Polofinále MÈR juniorù 2013"]
[Site "Havlíèkùv Brod - hotel Slunce"]
[Date "2013.11.19"]
[Round "4.24"]
[White "Sucharda, David"]
[Black "Liduch, Filip"]
[Result "1/2-1/2"]
[WhiteElo "1712"]
[BlackElo "1856"]
[PlyCount "65"]
[EventDate "2013.11.17"]

1. d4 Nf6 2. Nf3 d5 3. g3 e6 4. Bg2 Be7 5. O-O O-O 6. c4 c6 7. Bg5 Ne4 8. Bxe7
Qxe7 9. Nc3 Nxc3 10. bxc3 Nd7 11. cxd5 exd5 12. e3 Nb6 13. Nd2 Bf5 14. Re1 Rfe8
15. Qe2 Qa3 16. Rec1 Qb2 17. Bf1 Rac8 18. Nb3 Qxe2 19. Bxe2 Na4 20. c4 dxc4 21.
Bxc4 Nb6 22. Bf1 Nd5 23. Na5 Rc7 24. a3 Rec8 25. Nc4 Rd8 26. Bg2 Nf6 27. Ne5
Nd7 28. Nxd7 Rcxd7 29. a4 a6 30. a5 Bd3 31. Rc5 Bb5 32. Rac1 g6 33. h4 1/2-1/2

[Event "Polofinále MÈR juniorù 2013"]
[Site "Havlíèkùv Brod - hotel Slunce"]
[Date "2013.11.19"]
[Round "4.25"]
[White "Havelka, Jan"]
[Black "Èermák, Jan"]
[Result "1/2-1/2"]
[WhiteElo "1835"]
[BlackElo "1685"]
[PlyCount "54"]
[EventDate "2013.11.17"]

1. e4 c5 2. Nc3 Nc6 3. f4 e6 4. Nf3 d5 5. Bb5 d4 6. Bxc6+ bxc6 7. Ne2 g6 8. d3
Bg7 9. O-O Ne7 10. b3 O-O 11. Qe1 a5 12. Qh4 f5 13. e5 Nd5 14. Qxd8 Rxd8 15.
Bd2 Ra7 16. a4 Rb7 17. g3 Nb4 18. Bxb4 Rxb4 19. Nd2 Ba6 20. Rad1 Ra8 21. Nc1
Bf8 22. Nc4 Bxc4 23. dxc4 Be7 24. Nd3 Rb7 25. Kg2 Kg7 26. Kf3 Kf7 27. h3 Rg8
1/2-1/2

[Event "Polofinále MÈR juniorù 2013"]
[Site "Havlíèkùv Brod - hotel Slunce"]
[Date "2013.11.19"]
[Round "4.26"]
[White "Daòhel, Lukáš"]
[Black "Kopøiva, Martin"]
[Result "1/2-1/2"]
[WhiteElo "1670"]
[BlackElo "1832"]
[PlyCount "45"]
[EventDate "2013.11.17"]

1. e4 c5 2. Nf3 d6 3. d4 cxd4 4. Nxd4 Nf6 5. Nc3 a6 6. Be3 e6 7. f3 Qc7 8. Qd2
b5 9. g4 Bb7 10. g5 Nfd7 11. O-O-O Ne5 12. f4 Nc4 13. Bxc4 Qxc4 14. a3 Nd7 15.
f5 e5 16. Nb3 a5 17. Nd5 b4 18. axb4 axb4 19. Rhg1 Rc8 20. Na5 Ra8 21. Nb3 Rc8
22. Na5 Ra8 23. Nb3 1/2-1/2

[Event "Polofinále MÈR juniorù 2013"]
[Site "Havlíèkùv Brod - hotel Slunce"]
[Date "2013.11.19"]
[Round "4.27"]
[White "Tùma, Jan"]
[Black "Gregor, Jiøí"]
[Result "1-0"]
[WhiteElo "1817"]
[BlackElo "1553"]
[PlyCount "107"]
[EventDate "2013.11.17"]

1. e4 e5 2. Nf3 Nc6 3. Bb5 a6 4. Bxc6 dxc6 5. Nc3 f6 6. d3 Bd6 7. Ne2 Ne7 8.
Be3 Be6 9. Ng3 Qd7 10. Qd2 O-O-O 11. Qa5 Ng6 12. O-O-O Qe7 13. Nf5 Bxf5 14.
exf5 Nf4 15. Bxf4 exf4 16. Rhe1 Qd7 17. Nd4 Rde8 18. Ne6 g6 19. Re4 g5 20. Qc3
Qf7 21. Qd4 Kb8 22. Qc3 Re7 23. Ra4 Rxe6 24. fxe6 Qxe6 25. Re1 Qd5 26. Ree4 Qc5
27. Qxc5 Bxc5 28. Re2 Kc8 29. Rae4 Kd7 30. c4 b6 31. Rd2 Re8 32. Rxe8 Kxe8 33.
d4 Bd6 34. Rd3 g4 35. g3 h6 36. Rd1 Ke7 37. Kc2 Ke6 38. Re1+ Kf7 39. Kd3 f5 40.
a3 a5 41. c5 Be7 42. cxb6 cxb6 43. Rc1 c5 44. d5 Bd6 45. Kc4 Be5 46. Re1 Bxb2
47. d6 Bf6 48. d7 Be7 49. Kd5 fxg3 50. hxg3 b5 51. Kc6 b4 52. axb4 cxb4 53.
Rxe7+ Kxe7 54. Kc7 1-0

[Event "Polofinále MÈR juniorù 2013"]
[Site "Havlíèkùv Brod - hotel Slunce"]
[Date "2013.11.19"]
[Round "4.28"]
[White "Køíž, Vojtìch"]
[Black "Skoøepa, Jakub"]
[Result "0-1"]
[WhiteElo "1546"]
[BlackElo "1804"]
[PlyCount "32"]
[EventDate "2013.11.17"]

1. e4 c5 2. Nf3 e6 3. d4 cxd4 4. Nxd4 a6 5. Nc3 Qc7 6. Be3 Bb4 7. Qd3 Nf6 8. f3
d5 9. exd5 Nxd5 10. Bd2 Nxc3 11. bxc3 Bd6 12. g3 Nd7 13. Bg2 Ne5 14. Qe4 Nc6
15. Bc1 O-O 16. O-O Re8 0-1

[Event "Polofinále MÈR juniorù 2013"]
[Site "Havlíèkùv Brod - hotel Slunce"]
[Date "2013.11.19"]
[Round "4.29"]
[White "Šolc, Filip"]
[Black "Brož, Petr"]
[Result "1-0"]
[WhiteElo "1676"]
[BlackElo "1504"]
[PlyCount "49"]
[EventDate "2013.11.17"]

1. Nc3 e6 2. d4 Nf6 3. Bg5 Be7 4. Nf3 Nc6 5. e4 d5 6. e5 Ne4 7. Bxe7 Qxe7 8.
Bd3 Nxc3 9. bxc3 O-O 10. h4 Bd7 11. Ng5 g6 12. Nf3 Qa3 13. Qd2 f6 14. h5 Qb2
15. Rd1 g5 16. exf6 h6 17. Nxg5 Rxf6 18. Nh7 Raf8 19. Nxf6+ Rxf6 20. Rh3 Qa3
21. Rg3+ Kh8 22. Bg6 Qf8 23. Qe2 Rf4 24. Rdd3 Ne7 25. Qe5+ 1-0